|
|
|
|
| LEADER |
01712cas a2200253 a 4500 |
| 001 |
AALejournalIMF001032 |
| 008 |
230101c9999 xx r poo 0 0eng d |
| 020 |
|
|
|c 5.00 USD
|
| 020 |
|
|
|z 9781451855098
|
| 022 |
|
|
|a 1018-5941
|
| 040 |
|
|
|a BD-DhAAL
|c BD-DhAAL
|
| 100 |
1 |
|
|a Krishnamurthy, Arvind.
|
| 245 |
1 |
0 |
|a Emerging Markets Crisis :
|b An Asset Markets Perspective /
|c Arvind Krishnamurthy, Ricardo Caballero.
|
| 264 |
|
1 |
|a Washington, D.C. :
|b International Monetary Fund,
|c 1999.
|
| 300 |
|
|
|a 1 online resource (53 pages)
|
| 490 |
1 |
|
|a IMF Working Papers
|
| 500 |
|
|
|a <strong>Off-Campus Access:</strong> No User ID or Password Required
|
| 500 |
|
|
|a <strong>On-Campus Access:</strong> No User ID or Password Required
|
| 506 |
|
|
|a Electronic access restricted to authorized BRAC University faculty, staff and students
|
| 520 |
3 |
|
|a The entire difference between a mild downturn and a devastating crisis is the occurrence of sharp fire sales of domestic assets and possibly foreign exchange and the ensuing collapse in the balance sheets of both the financial and nonfinancial sector. Why and how do such crises materialize? And why doesn't the private sector take appropriate precautions to avoid the consequences of crises? In this paper we argue that the combination of weak international financial links and underdeveloped domestic financial markets offers a parsimonious account of these and related phenomena present in emerging markets.
|
| 538 |
|
|
|a Mode of access: Internet
|
| 700 |
1 |
|
|a Caballero, Ricardo.
|
| 830 |
|
0 |
|a IMF Working Papers; Working Paper ;
|v No. 1999/129
|
| 856 |
4 |
0 |
|z Full text available on IMF
|u http://elibrary.imf.org/view/journals/001/1999/129/001.1999.issue-129-en.xml
|z IMF e-Library
|